000 01090cam a2200217 a 4500
001 000002873
005 20200929150257.0
008 890215s1987 ec a 011 0 spa
040 _aDO-SdBNP
_cDLC
_dDLC
082 _a526.6
_bC719m
111 2 _aColoquio Ecuador 86
_d1986 :
_cQuito, Ecuador
_99124
245 1 3 _aLa Misión Geodésica Francesa :
_bhomenaje en su 250 aniversario, discursos pronunciados en la inauguración y clausura del "Coloquio Ecuador 86" celebrado en Quito a partir del 7 de julio de 1986.
260 _aQuito :
_bComisión Nacional Permanente de Conmemoraciones Cívicas,
_bCasa de la Cultura Ecuatoriana "Benjamín Carrión",
_c1987.
300 _a242 p. :
_bil. ;
_c18 cm.
650 4 _aGeodésica
_zEcuador
_xCongreso
_99125
610 2 4 _aMISIÓN GEODÉSICA FRANCESA
_xCONGRESOS Y ASAMBLEAS
_99126
650 4 _aGeodésica
_ySIGLO XVIII
_xCongresos y asamblea
_99127
710 1 _aEcuador.
_bComisión Nacional Permanente de Conmemoraciones Cívicas.
_99128
710 2 _aCasa de la Cultura Ecuatoriana "Benjamín Carrión."
_99129
910 _aCatalogación por copia / LC
999 _c2707
_d2707